000
00284nam a22001337a 4500
008
181206b xxu||||| |||| 00| 0 eng d
020
_a
0070417156
041
_a
eng
080
_a
541
100
_a
12
101
_a
KIM
245
_a
Physical Chemistry
_c
Metz,C.R
942
_2
udc
_c
BK
999
_c
52930
_d
52930